000 02000nam a2200373 a 4500
001 ebr10256716
003 CaPaEBR
006 m u
007 cr cn|||||||||
008 071211s2008 nyu sb 001 0 eng
010 _z 2007050634
020 _z9781593322656 (alk. paper)
020 _z1593322658 (alk. paper)
040 _aCaPaEBR
_cCaPaEBR
035 _a(OCoLC)471132714
043 _an-us---
_an-us-pa
050 1 4 _aHV6773.53.P4
_bP43 2008eb
082 0 4 _a364.150973
_222
100 1 _aPearlman, Terrylynn,
_d1971-
245 1 0 _aSanctioning bias crime
_h[electronic resource] :
_ba public perspective /
_cTerrylynn Pearlman.
260 _aNew York :
_bLFB Scholarly Pub.,
_c2008.
300 _avii, 295 p.
490 1 _aCriminal justice
504 _aIncludes bibliographical references (p. 283-291) and index.
505 0 _aBias crime legislation and public opinion : an overview -- The emergence and legality of bias crime legislation -- Scholarly perspectives on bias crime legislation -- Public opinion research on bias crime and legislation -- Public opinion research on crime and punishment and its relevance to bias crime -- The current study : design to analysis -- Citizens' views on bias crime -- Citizens' bias crime policy preferences -- Citizens' responses to bias crime vignettes -- Citizens' views on bias crime legislation -- Findings and implications.
533 _aElectronic reproduction.
_bPalo Alto, Calif. :
_cebrary,
_d2013.
_nAvailable via World Wide Web.
_nAccess may be limited to ebrary affiliated libraries.
650 0 _aHate crimes
_zPennsylvania
_xPublic opinion.
650 0 _aHate crimes
_zUnited States
_xPublic opinion.
650 0 _aPublic opinion
_zUnited States.
655 7 _aElectronic books.
_2local
710 2 _aebrary, Inc.
830 0 _aCriminal justice (LFB Scholarly Publishing LLC)
856 4 0 _uhttp://site.ebrary.com/lib/rucke/Doc?id=10256716
_zAn electronic book accessible through the World Wide Web; click to view
999 _c13350
_d13350